000 00553nam a2200205Ia 4500
005 20250923145603.0
008 008 250917s9999 xx 000 0 eng d
037 _aTextual
040 _aDSWL
_beng
_cDSWL
041 _aeng
_2eng
084 _aXv2,N<-K, N79
_qDSWL
245 0 _aEconomy and society
_cEd. by K.N.Chaudhuri
260 _aDelhi
_bOxford
_c1979
300 _ax,358p.
365 _aINR
_b85.50
700 _a J. Dewey
_9836875
925 _g85.50
942 _cTEXL
_hXv2,N<-K, N79
999 _c1453166
_d1453166